El arte de construir en Bizancio

Guardado en:
Detalles Bibliográficos
Autor principal: Choisy, Auguste (Autor)
Formato: Libro
Lenguaje:español
Publicado: Madrid CEHOPU 1997
Materias:
Etiquetas: Agregar Etiqueta
Sin Etiquetas, Sea el primero en etiquetar este registro!

MARC

LEADER 00000nam a2200000 a 4500
001 UCH5090
003 CL-VaPUC
008 090924e19970000SP |||||||||||||||||spa|d
020 |a 8489977038 
082 0 4 |a 722.51  |b CHO  |2 21 
100 0 |a Choisy, Auguste  |e author  |9 541237 
245 1 3 |a El arte de construir en Bizancio 
300 |a 225 p 
942 |c BK 
945 |d 20090924 00:00:00  |a rbrito 
260 |a Madrid  |b CEHOPU  |c 1997 
650 0 |a Arquitectura bizantina   |9 344695 
650 0 |a Arquitectura antigua  |9 262616 
650 0 |a Palacios   |9 326189 
650 0 |a Estilos artísticos  |9 340996 
650 0 |a Diseño arquitectónico   |9 265271 
651 7 |a BIZANCIO  |2 CL-VaPUC  |9 353433 
583 |a last modification  |c 20090924 00:00:00  |k Rodrigo Vera 
999 |c 336293  |d 336291 
952 |0 0  |1 0  |4 0  |6 722_510000000000000_CHO_1997  |7 0  |8 A  |9 427338  |a BIBARQ  |b BIBARQ  |d 2019-11-22  |i 4602412  |l 1  |o 722.51 CHO 1997  |p 4602412  |r 2025-01-20  |s 2023-03-10  |w 2019-11-22  |y BK  |k ARQ